000 00503nam a2200181Ia 4500
003 OSt
005 20241216105751.0
008 210716s1958 xx 000 0 und d
040 _cAIMIT LIBRARY
041 _aeng
082 _a808.83
_21
_bHASJ
100 _aHasty, John Eugene.
_9191064
245 _aMan without a face /
_cBy John Eugene Hasty.
250 _a1st ed.
260 _aNew York :
_bZenith Books, Inc ;
_c1958.
300 _a159p. ;
_bPB
_c17 cm.
942 _2ddc
_cBK
_e1st ed.
_k808.83 HASJ
999 _c200113
_d200113